Österreich nach Buchstabe - V - Statistiken

Allgemein
  • Dieses Quiz wurde 57 mal gespielt
  • Das Durchschnittsergebnis liegt bei 10 aus 20
Antwortstatistiken
Hinweis Antwort % Korrekt
Westlichstes Bundesland Vorarlberg
88%
Amtierender Bundespräsident (2017-) Van der Bellen
80%
Pendant zur deutschen Grundschule Volksschule
80%
Beliebtes Weihnachtsgebäck Vanillekipferl
73%
Verbreitetste Rebsorte (z.B. Grüner _________) Veltliner
66%
Mit Wasser gestreckter Espresso Verlängerter
66%
Der "Kirchtag" dieser Stadt ist das größte Brauchtumsfest Österreichs Villach
63%
Weltweiter Stahlkonzern mit Sitz in Linz Voestalpine
59%
Luftkur- und Fremdenverkehrsort am See Velden am Wörther See
49%
Größtes Filmfestival Viennale
49%
Römisches Lager im heutigen Wien Vindobona
49%
Bundeskanzler (1988-1997) Vranitzky
49%
Kreisverkehr in Wien-Favoriten, an dem die FH und ein Stadion liegen Verteilerkreis
46%
Weststeirischer Bezirk Voitsberg
44%
Hier befindet sich das größte Einkaufszentrum in Österreich, die SCS Vösendorf
44%
Ehemaliger NHL-Eishockeystar, Sportler des Jahres 2007 Vanek
37%
Einziger Österreicher im Weltall ("Austronaut") Viehböck
34%
Region in der Südoststeiermark Vulkanland
29%
Ereignis in Kärnten am 10. Oktober 1920, heute noch jährlicher Feiertag Volksabstimmung
24%
Einheitspartei der 1930er-Jahre Vaterländische Front
20%
Keine übereinstimmenden Quizze gefunden
Verteilung der Resultate
Anzahl Personen mit jedem Resultat
Perzentil nach korrekt beantworteten Fragen
Ihre Resultats-Entwicklung
Sie haben dieses Quiz noch nicht gespielt